ბათუმის შოთა რუსთაველის სახელმწიფო უნივერსიტეტის ბიბლიოთეკა

თხზულებანი 2 ტომად. ტ.1 (ბიბ.ჩანაწერი № 48378)

000 -LEADER
fixed length control field 00581nam a2200193Ia 4500
001 - CONTROL NUMBER
control field 15266
003 - CONTROL NUMBER IDENTIFIER
control field GE_BSU
008 - FIXED-LENGTH DATA ELEMENTS--GENERAL INFORMATION
fixed length control field 181216s||||||||xx |||||||||||||| ||und||
040 ## - CATALOGING SOURCE
Transcribing agency GE_BSU
080 ## - UNIVERSAL DECIMAL CLASSIFICATION NUMBER
Universal Decimal Classification number 821.353.1+821.353.1-32
100 ## - MAIN ENTRY--PERSONAL NAME
Personal name შენგელაია,დემნა
245 ## - TITLE STATEMENT
Title თხზულებანი 2 ტომად. ტ.1
260 ## - PUBLICATION, DISTRIBUTION, ETC.
Place of publication, distribution, etc. თბილისი
260 ## - PUBLICATION, DISTRIBUTION, ETC.
Name of publisher, distributor, etc. საბჭოთა საქართველო
260 ## - PUBLICATION, DISTRIBUTION, ETC.
Date of publication, distribution, etc. 1959
300 ## - PHYSICAL DESCRIPTION
Extent 664გვ.1ფ.პორტრ.
653 ## - INDEX TERM--UNCONTROLLED
Uncontrolled term თხზულებანი
942 ## - ADDED ENTRY ELEMENTS (KOHA)
Koha item type წიგნი
ეგზემპლარები
Withdrawn status Lost status Damaged status Not for loan Date acquired Barcode Date last seen Price effective from Koha item type
        2018-12-17 38005 2018-12-17 2018-12-17 წიგნი
        2018-12-17 38006 2018-12-17 2018-12-17 წიგნი
        2018-12-17 38007 2018-12-17 2018-12-17 წიგნი
        2018-12-17 38008 2018-12-17 2018-12-17 წიგნი